Řízení konfliktů

Salvato in:
Dettagli Bibliografici
Autore principale: Mac Gill, Ann M.
Altri autori: Havlůj, Jan (prekl.)
Natura: Libro
Lingua:ceco
inglese
Pubblicazione: Praha Grada Publishing 1996
Edizione:1. vyd.
Soggetti:
Accesso online:Visualizza in OPAC
Tags: Aggiungi Tag
Nessun Tag, puoi essere il primo ad aggiungerne!!

MARC

LEADER 00000nam a22000001a 4500
005 20260127134256.0
008 090724s1996 SK rf 000 cze d
020 |a 8071691364 
035 |a vtls009636030 
035 |a (SVKBBclas03)vtls000003799 
039 9 |a 201106131103  |b ssvkbb03  |y 200907242057  |z VLOAD 
040 |a SVKBB  |b slo  |c SVKBB  |e AACR2 
041 1 |a cze  |h eng 
080 |a 65.012.43:174.8 
100 1 |a Mac Gill, Ann M. 
245 0 0 |a Řízení konfliktů  |c Ann M. Mac Gill; z angl. orig. přel. Jan Havlůj 
250 |a 1. vyd. 
260 |a Praha  |b Grada Publishing  |c 1996 
300 |a 103 s.  |c 20 cm 
653 |a konflikty - riešenie - manažérstvo - príručky 
653 |a manažérstvo - konflikty - riešenie - príručky 
700 1 |a Havlůj, Jan.  |4 prekl. 
999 |c 8507  |d 8507